| 000 | 00988 a2200193 4500 | ||
|---|---|---|---|
| 003 | Nust | ||
| 005 | 20170207152506.0 | ||
| 010 | _a 98053084 | ||
| 020 | _a0819430374 (softcover) | ||
| 040 | _cNust | ||
| 082 | 0 | 0 | _a621.367 |
| 245 | 0 | 0 |
_aElectronic imaging technology / _cEdward R. Dougherty, editor. |
| 260 |
_aBellingham, Wash. : _bSPIE Optical Engineering Press, _cc1999. |
||
| 300 |
_axv, 432 p. : _bill. (some col.) ; _c26 cm. |
||
| 505 | _aIntroduction Page 1, Video Compression Standards Page 31, Multimedia Systems Page 65, Vision And Visualization Page 83, Color Image Processing Page 121, Enhancement Of Digital Documents Page 167.Digital Half toning For Printing And Display Of Electronic Images Page 225, Document Recognition Page 289, Lexicon-Driven Handwritten Word Recognition Page 317Scanning Page 349, Hardware Architecture For Image Processing Page 387. | ||
| 538 | _aAlmirah No.24 and Shelf No.3 | ||
| 650 | 0 | _aTelecommunication Engineering. | |
| 700 | 1 | _aDougherty, Edward R. | |
| 942 | _cREF | ||
| 999 |
_c175571 _d175571 |
||